Statistiques concernant Anne célèbres

Cliquez ici pour prendre le quiz!

Statistiques générales

  • Ce quiz a été pris 119 fois
  • Le résultat moyen est 5 sur 10

Statistiques - réponses

DescriptifRéponse% Correct
Adolescente allemande ayant écrit un journal intime à Amsterdam.Frank
100%
Mairesse de Paris.Hidalgo
90%
Humoriste et comédienne française d'origine russe.Roumanoff
69%
Femme de lettres britannique au même titre que ses sœurs Charlotte et Emily ayant écrit La recluse de Wildfell Hall.Brontë
68%
Epouse du roi Henri VIII d'Angleterre, mère d'Elizabeth Ire, exécutée par décapitation à tort et devenue martyre dans la culture protestante.Boleyn
55%
Actrice américaine ayant joué dans Le Diable s'habille en Prada, Les Misérables, Ocean's 8, Interstellar ou encore Le Secret de Brokeback Mountain.Hathaway
48%
Reine de France, femme successive de Charles VIII puis Louis XII, attachée à l'indépendance de sa région natale.de Bretagne
44%
Auteure-compositrice-interprète connue pour ses Fabulettes et contes musicaux destinés à un jeune public.Sylvestre
26%
Écrivaine américaine autrice d'Entretien avec un vampire.Rice
16%
Pirate ayant vogué aux côtés de Mary Read et Jack Rackham.Bonny
9%

Distribution des résultats

Percentile par nombre de réponses

% des personnes avec chaque résultat

Votre développement - résultats

Vous n’avez pas pris ce quiz